| 000 | 00611 a2200193 4500 | ||
|---|---|---|---|
| 999 |
_c8163 _d8163 |
||
| 010 | _aENG-88333 | ||
| 020 |
_a9788178298290 _c650.00 |
||
| 035 | _aEN-71866 | ||
| 037 | _bDBAD / PUB | ||
| 082 | 0 | 0 | _a324.254 |
| 100 | 1 | _aThakurta, Paranjoy Guha | |
| 245 | 1 | 0 |
_aDivided we stand : _bIndia in a time of coalitions / _cby Paranjoy Guha Thakurta [and] Shankar Raghuraman |
| 260 |
_aNew Delhi _bSage Publications _c2008 |
||
| 300 |
_a524p. _c22cm (Hb) |
||
| 500 | _aIncludes index | ||
| 650 | 0 |
_aPolitical parties _zIndia |
|
| 700 | 1 | _aRaghuraman, Shankar | |
| 942 |
_adpl _cEN _2ddc _h324.254 _mTHA |
||